000
00321nam a2200121Ia 4500
008
190722s9999 xx 000 0 und d
020
_a
978-93-325-6991-1
100
_a
Baron, Branscombe
245
0
_a
Social Psychology
260
_a
India
_b
Pearson Ed. Ser. Pvt. Ltd. Dorling Kindersley
_c
2016
300
_a
481
942
_c
BK
999
_c
571
_d
571